| 000 | 01210nam a2200253 4500 | ||
|---|---|---|---|
| 003 | OSt | ||
| 005 | 20260530113853.0 | ||
| 008 | 260420b2005 |||a|||| |||| 00| 0 eng d | ||
| 020 | _a0863555217 | ||
| 040 |
_aICI _bspa _cICI |
||
| 050 |
_aNK1443 _bI56 2005 |
||
| 100 | 1 |
_aBritish Council _931451 |
|
| 245 | 0 | 0 |
_a Import export / _ccurator, Lesley Jackson |
| 264 | 1 |
_bBritish Council, _c2005 _aLondon : |
|
| 300 |
_a105 páginas : _bilustraciones (principalmente a color) |
||
| 336 |
_atexto _2rdacontent |
||
| 337 |
_asin medio _2rdamedia |
||
| 338 |
_avolumen _2rdacarrier |
||
| 500 | _aCatálogo de una exposición itinerante internacional producida por el Departamento de Arte, Arquitectura y Diseño del British Council | ||
| 500 | _aDiseñadores destacados: Sandro Sodano, Alan Aboud, Shin Azumi, Tomoko Azumi, Laurent Benner, Gitta Gschwendtner, Sebastian Bergne, Lara Bohinc, Anne Kyyrö Quinn, Tord Boontje, Lubna Chowdhary, Kei Ito, Suzanne Clements, Inacio Ribeiro, Roberto Feo, Rosario Hurtado, Mark Eley, Wakako Kishimoto, Sam Hecht, Kim Colin | ||
| 650 | 4 |
_a Diseño _vExposiciones _xHistoria _ySiglo XXI _zGran Bretaña _97015 |
|
| 700 | 1 |
_aJackson, Lesley, _ecurador _97016 |
|
| 942 |
_2lcc _cBK |
||
| 999 |
_c11531 _d11531 |
||